[Event "Oberliga Nord N 1314"]
[Site "Germany"]
[Date "2013.12.15"]
[Round "4.8"]
[White "Pust, Erich"]
[Black "Kornrumpf, Joachim"]
[Result "1-0"]
[WhiteElo "2057"]
[BlackElo "2084"]
[PlyCount "81"]
[EventDate "2013.10.13"]
[EventType "team-tourn"]
[EventRounds "9"]
[EventCountry "GER"]
[SourceTitle "EXT 2015"]
[Source "ChessBase"]
[SourceDate "2014.11.20"]
[SourceVersion "1"]
[SourceVersionDate "2014.11.20"]
[SourceQuality "1"]
[WhiteTeam "Kiel Turm"]
[BlackTeam "Preetz"]
[WhiteTeamCountry "GER"]
[BlackTeamCountry "GER"]

1. d4 Nf6 2. c4 e6 3. Nc3 Bb4 4. a3 Bxc3+ 5. bxc3 0-0 6. Bg5 d5 7. e3 c6 8. Nf3 Nbd7 9. Qc2 Qa5 10. Nd2 dxc4 11. Bxf6 Nxf6 12. Nxc4 Qc7 13. Bd3 c5 14. a4 Bd7 15. e4 cxd4 16. cxd4 h6 17. e5 Nd5 18. Qd2 Bxa4 19. Rc1 Bc6 20. 0-0 a5 21. Bb1 Nb4 22. f4 Qe7 23. Rc3 Bb5 24. Rd1 Nd5 25. Rg3 f5 26. exf6 Nxf6 27. Ne5 Rfc8 28. f5 Rc1 29. Qxc1 Qd8 30. Qd2 Qd6 31. fxe6 Rd8 32. Nf3 Qxe6 33. Qxh6 Rd7 34. Ne5 Rc7 35. Bh7+ Kf8 36. Qf4 Be8 37. Re3 Rc1 38. Kf2 Qa6 39. Kg3 Qf1 40. Ng6+ Bxg6 41. Qd6+ 1-0

[Event "Oberliga Nord N 0607"]
[Site "Germany"]
[Date "2006.10.15"]
[Round "1.5"]
[White "Pust, Erich"]
[Black "Syperek, Sebastian"]
[Result "0-1"]
[WhiteElo "2103"]
[BlackElo "2241"]
[PlyCount "78"]
[EventDate "2006.10.15"]
[EventType "team-tourn"]
[EventRounds "9"]
[EventCountry "GER"]
[SourceTitle "EXT 2019"]
[Source "ChessBase"]
[SourceDate "2018.10.10"]
[SourceVersion "1"]
[SourceVersionDate "2018.10.10"]
[SourceQuality "1"]
[WhiteTeam "Mettenhof"]
[BlackTeam "Schwarzenbek"]
[WhiteTeamCountry "GER"]
[BlackTeamCountry "GER"]

1. Nf3 g6 2. c4 f5 3. Nc3 Nf6 4. d4 Bg7 5. Qc2 d6 6. g3 0-0 7. Bg2 Qe8 8. Bf4 Na6 9. Rd1 c6 10. Qc1 Ng4 11. d5 c5 12. h3 Nf6 13. Ng5 Nc7 14. Nf3 b5 15. b3 bxc4 16. bxc4 Ba6 17. Bh6 Bxc4 18. Bxg7 Kxg7 19. Ng5 h6 20. Ne6+ Nxe6 21. dxe6 Rb8 22. Qa3 Bxe6 23. Qxa7 Qd7 24. Qa6 Rb2 25. a4 Bb3 26. Ra1 d5 27. 0-0 Bc4 28. Qa5 Qc6 29. Nd1 Rxe2 30. Ne3 Rxe3 31. fxe3 Ra8 32. Qc3 Bxf1 33. Bxf1 Rxa4 34. Rxa4 Qxa4 35. Qxc5 Qa1 36. Kf2 Qb2+ 37. Kg1 Qe5 38. g4 fxg4 39. hxg4 Nxg4 0-1

[Event "Oberliga Nord N 0506"]
[Site "Germany"]
[Date "2006.01.29"]
[Round "6.4"]
[White "Pust, Erich"]
[Black "Hamann, Carsten"]
[Result "0-1"]
[WhiteElo "2111"]
[BlackElo "2202"]
[PlyCount "86"]
[EventDate "2005.10.23"]
[EventType "team-tourn"]
[EventRounds "9"]
[EventCountry "GER"]
[SourceTitle "EXT 2007"]
[Source "ChessBase"]
[SourceDate "2006.11.23"]
[SourceVersion "1"]
[SourceVersionDate "2006.11.23"]
[SourceQuality "1"]
[WhiteTeam "Mettenhof"]
[BlackTeam "Kiel Meerbauer"]
[WhiteTeamCountry "GER"]
[BlackTeamCountry "GER"]

1. d4 d5 2. Nc3 e6 3. e4 Bb4 4. e5 Ne7 5. Qg4 0-0 6. a3 Bxc3+ 7. bxc3 c5 8. h4 f5 9. exf6 Rxf6 10. Bg5 Rf7 11. Qd1 Nbc6 12. Nf3 Qa5 13. Qd2 Nf5 14. Ne5 Nxe5 15. dxe5 h6 16. Bf4 Qa4 17. Bd3 Bd7 18. g3 Bc6 19. Rh2 Raf8 20. h5 d4 21. Qe2 dxc3 22. Qg4 Qd4 23. Rd1 Qa4 24. Qg6 Be4 25. f3 Bxd3 26. Rxd3 Qc4 27. Bc1 Ne7 28. Rh4 Qxh4 29. Qxf7+ Kxf7 30. gxh4 Nd5 31. f4 Ke7 32. Rg3 Kf7 33. Ke2 Rd8 34. Rd3 b5 35. Kf3 b4 36. Ke4 a5 37. Rg3 a4 38. f5 exf5+ 39. Kxf5 Ne7+ 40. Kg4 Rd4+ 41. Kh3 Nf5 42. Rg6 b3 43. e6+ Ke7 0-1